Tourism : A modern synthesis

Tourism: A Modern Synthesis is an accessible core textbook for tourism focusing on the development and management of tourism in an international context. A strong business and management theme pervades the book reflecting developments in the teaching and content of modern courses. The book is based...

Deskribapen osoa

Gorde:
Xehetasun bibliografikoak
Egile nagusia: Page, Stephen J.
Formatua: Liburua
Hizkuntza:Undetermined
Argitaratua: London, U.K. Thomson Learning 2006
Gaiak:
Etiketak: Etiketa erantsi
Etiketarik gabe, Izan zaitez lehena erregistro honi etiketa jartzen!
Thư viện lưu trữ: Trung tâm Học liệu Trường Đại học Cần Thơ
LEADER 01147nam a2200229Ia 4500
001 CTU_124183
008 210402s9999 xx 000 0 und d
020 |c 840000 
082 |a 338.4791 
082 |b P133 
100 |a Page, Stephen J. 
245 0 |a Tourism : 
245 2 |b A modern synthesis 
245 0 |c Stephen J. Page, Joanne Connell 
260 |a London, U.K. 
260 |b Thomson Learning 
260 |c 2006 
520 |a Tourism: A Modern Synthesis is an accessible core textbook for tourism focusing on the development and management of tourism in an international context. A strong business and management theme pervades the book reflecting developments in the teaching and content of modern courses. The book is based around the principles of management and includes case studies emphasising this theme. It can be used as a one semester text, but its coverage of a broad range of subjects make it a useful resource throughout the three years of a degree course. 
650 |a Tourism,Ecotourism,Tourism 
650 |x Management,Economic aspects 
904 |i Minh 
980 |a Trung tâm Học liệu Trường Đại học Cần Thơ